000 05718nam a2201669 i 4500
001 nkc20253668776
003 CZ PrSKC
005 20260424153129.0
007 ta
008 250128s2025 xr acfhe 000 0acze
015 _acnb003668776
020 _a9788076112742
_q(vázáno)
035 _a(OCoLC)1531362168
040 _aBOA001
_bcze
_erda
043 _ae-xr---
_anccr---
_anwcu---
045 _ay-y-
072 7 _a327
_xMezinárodní vztahy, světová politika
_2Konspekt
072 7 _a929
_xBiografie
_2Konspekt
080 _a341.71
_2MRF
080 _a327
_2MRF
080 _a913:910.4
_2MRF
080 _a341.76
_2MRF
080 _a328/329
_2MRF
080 _a929
_2MRF
080 _a(437.3)
_2MRF
080 _a(728.6)
_2MRF
080 _a(729.1)
_2MRF
080 _a(0:82-94)
_2MRF
100 1 _aJakobec, Milan,
_d1951-
_4aut
245 1 0 _aZ Kostariky na Kubu, chceš-li dostat přes hubu /
_cMilan Jakobec
250 _aVydání první
264 1 _aV Praze :
_bBourdon,
_c2025
300 _a310 stran, 32 nečíslovaných stran obrazových příloh :
_bilustrace (některé barevné), portréty, faksimile ;
_c21 cm
336 _atext
_btxt
_2rdacontent
337 _abez média
_bn
_2rdamedia
338 _asvazek
_bnc
_2rdacarrier
500 _aObsahuje QR kód s přístupem k rozšiřujícím materiálům
520 2 _aKniha vypráví o profesních, cestovatelských dobrodružstvích i nesnázích českého diplomata v Kostarice a na Kubě.
_bSrovnání dvou středoamerických zemí, z nichž Kostarika je ve škole demokracie primusem, zatímco Kuba beznadějným propadlíkem, činí lehce a svižně, na základě lidských osudů a osobních prožitků. Autor na Kubě ochrnul a málem zemřel. Několikaměsíční „umírání“ v kubánském špitále, kde si nebyl jist, zda mají doktoři zadání ho léčit, nebo mučit, dalo autorovi šanci podívat se na kubánskou realitu z nezvyklých úhlů. Děj knihy se odehrává v době, kdy se Česká republika snažila Kubě pomoci s demokratickou transformací zdiskreditovaného, ale úporně trvanlivého castrismu tím, že podporovala vznik občanské společnosti a nezávislých informačních struktur. Jakobec byl svědkem propouštění vězňů kubánského Černého jara, jejichž prvními cestami na svobodě byly často návštěvy české ambasády, a vzpomíná na svá setkání se slavnými kubánskými disidenty. Nakladatelská anotace. Kráceno.
600 1 7 _aJakobec, Milan,
_d1951-
_2czenas
648 7 _a21. století
_2czenas
648 7 _a20.-21. století
_2czenas
650 0 7 _adiplomaté
_zČesko
_y20.-21. století
_2czenas
650 0 7 _adiplomacie
_zČesko
_y21. století
_2czenas
650 0 7 _acesty a pobyt
_zKostarika
_y21. století
_2czenas
650 0 7 _acesty a pobyt
_zKuba
_y21. století
_2czenas
650 0 9 _adiplomats
_zCzechia
_y20th-21st centuries
_2eczenas
650 0 9 _adiplomacy
_zCzechia
_y21st century
_2eczenas
650 0 9 _atravels and stays
_zCosta Rica
_y21st century
_2eczenas
650 0 9 _atravels and stays
_zCuba
_y21st century
_2eczenas
651 7 _aČesko
_xdiplomatické vztahy
_y21. století
_2czenas
651 7 _aKostarika
_xdiplomatické vztahy
_y21. století
_2czenas
651 7 _aKuba
_xdiplomatické vztahy
_y21. století
_2czenas
651 7 _aKostarika
_xpolitika a vláda
_y21. století
_2czenas
651 7 _aKuba
_xpolitika a vláda
_y21. století
_2czenas
651 9 _aCzechia
_xdiplomatic relations
_y21st century
_2eczenas
651 9 _aCosta Rica
_xdiplomatic relations
_y21st century
_2eczenas
651 9 _aCuba
_xdiplomatic relations
_y21st century
_2eczenas
651 9 _aCosta Rica
_xpolitics and government
_y21st century
_2eczenas
651 9 _aCuba
_xpolitics and government
_y21st century
_2eczenas
655 7 _aautobiografické vzpomínky
_2czenas
655 9 _aautobiographical reminiscences
_2eczenas
900 _b19
910 _aABA001
910 _aABA010
910 _aABE301
910 _aABE344
910 _aABG001
910 _aABG502
910 _aBNG001
910 _aBOA001
910 _aBOG001
910 _aBRG001
910 _aCBA001
910 _aCHG001
910 _aCHG501
910 _aCKG001
910 _aCLG001
910 _aCRG001
910 _aCVG001
910 _aDCG503
910 _aFMG502
910 _aHBG001
910 _aHKA001
910 _aHKG001
910 _aHOG001
910 _aHOG504
910 _aJCG001
910 _aJHG001
910 _aJHG503
910 _aJIG001
910 _aJNG001
910 _aKAG502
910 _aKAG503
910 _aKAG505
910 _aKHG001
910 _aKHG505
910 _aKLG001
910 _aKLG002
910 _aKMG001
910 _aKOG001
910 _aKTG001
910 _aKTG503
910 _aKVG001
910 _aKVG501
910 _aLIA001
910 _aMBG001
910 _aMBG002
910 _aMOG001
910 _aMOG501
910 _aNBG501
910 _aOLA001
910 _aOLG001
910 _aOSA001
910 _aOSG002
910 _aPAG001
910 _aPBG001
910 _aPEG001
910 _aPIG001
910 _aPNA001
910 _aPRG001
910 _aPRG501
910 _aPTG001
910 _aPVG001
910 _aROG001
910 _aSMG506
910 _aSOG001
910 _aSTG001
910 _aSUG001
910 _aSUG802
910 _aSVG502
910 _aTAG001
910 _aTPG001
910 _aTRG001
910 _aTUG001
910 _aUHG001
910 _aULG001
910 _aUOG502
910 _aUOG505
910 _aZLG001
910 _aZNG001
942 _2ddc
_cKNIHA
_n0
999 _c1880
_d1880